000 01154nem a2200229 i 4500
001 40211
003 ES-MaACL
005 20230906160150.0
007 t|
008 030305s1865 sp | |0|1||spa d
110 2 _aEspaña.
_bDirección General de Correos.
_9160394
245 1 0 _aCarta de Correos y Postas de las provincias de Alava, Guipúzcoa y Vizcaya [
_hMaterial cartográfico] /
_ctrazada por la Dirección General de Correos.
255 _aEscala [1:300.000].
260 _a[Madrid?] :
_bDirección General de Correos,
_c1865.
300 _a1 map. col. ;
_c54,5 x 69,5 cm., pleg. en 14 x 10,5 cm.
501 _aEn el plano tabla de signos convencionales de conducciones y límites reflejados en el mapa y "Lista alfabética correspondiente a la Carta de correos y postas de las provincias vascongadas: con todas las poblaciones que tienen correo diario en las de Alava, Guipuzcoa y Vizcaya.
507 _aEscala expresada también en leguas de 20.000 pies.
650 4 _aPostas-
_zÁlava-
_vPlanos.
_9160423
650 4 _aPostas-
_zGuipuzcoa-
_vPlanos.
_9160424
650 4 _aPostas-
_zVizcaya-
_vPlanos.
_9160425
852 _aES-MaACL
_jG-13399
999 _c40211
_d40211